00721 2200253 4500001002100000005001500021035002000036007000300056008004100059020002200100082001100122084001700133100001700150245008800167250001000255260003800265300003700303500003800340650003400378700001300412700002000425990001100445990001100456INLIS00000000000446720191118090244 a0010-1119000094ta191118 g 0 ind  a978-602-6466-38-9 a959.83 a959.83 OWE s0 aOWEN, Rutter1 aSejarah Kalimantan /cOwen Rutter; penerjemah, Sutrisno; penyunting, Daru Wijayanti acet.1 aYogyakarta :bIndoliterasi,c2017 aiii, 511 hlm. :bilus. ;c23 cm. aJudul asli : British North Borneo 4aSEJARAH. KALIMANTAN INDONESIA0 aSUTRISNO0 aDARU, Wijayanti a7158 a a7158 b